000 004820000a22001810004500
999 _c48746
_d48746
001 1587
003 CO-MdFUSB
005 20171115181406.0
008 171115b xxu||||| |||| 00| 0 eng d
020 _a958-30-0168-6
040 _cCO-MdBIC
082 0 4 _a861P B232a
100 1 _aBarba Jacob, Porfirio
245 1 0 _aAntología / Porfirio Barba Jacob ; compilador Luis Ernesto Ojeda
260 _aSantafé de Bogotá : Panamericana Editorial
300 _a206 P.
942 _cLGB